[Event "GER-chT U12"]
[Site "Magdeburg"]
[Date "2023.12.27"]
[Round "2.7"]
[White "Uhlig, Silas"]
[Black "Mueller, Maximilian4"]
[Result "1-0"]
[WhiteElo "1443"]
[BlackElo "1250"]
[PlyCount "79"]
[EventDate "2023.12.26"]
[EventType "team-swiss"]
[EventRounds "7"]
[EventCountry "GER"]
[SourceTitle "CB03_2024"]
[SourceDate "2024.01.17"]
[SourceVersion "1"]
[SourceVersionDate "2024.01.17"]
[SourceQuality "1"]
[WhiteTeam "Chemnitz USG"]
[BlackTeam "Karlsruhe SF"]
[WhiteTeamCountry "GER"]
[BlackTeamCountry "GER"]

1. e4 c6 2. d4 d5 3. Nc3 dxe4 4. Nxe4 Bf5 5. Ng3 Bg6 6. Nf3 Nf6 7. h4 h6 8. Bd3 Bxd3 9. Qxd3 e6 10. Bd2 Nbd7 11. 0-0-0 Bd6 12. Rde1 Qc7 13. Nf5 Kf8 14. Nxd6 Qxd6 15. Qb3 Qc7 16. Ne5 a5 17. Bf4 Qb6 18. Qd3 a4 19. Nc4 Qd8 20. Bd6+ Kg8 21. f4 Nb6 22. Be5 Nxc4 23. Qxc4 Ng4 24. Rhg1 Nxe5 25. dxe5 Qxh4 26. g3 Qe7 27. Re2 Kh7 28. Qe4+ g6 29. Rh1 a3 30. b3 Qc5 31. Qf3 Qd4 32. c3 Qc5 33. g4 Rae8 34. Rd2 Rd8 35. Qh3 Kg7 36. Rxd8 Rh7 37. Rd2 Qb6 38. Kc2 c5 39. Qh4 Qc6 40. Qf6+ 1-0